| 000 | 01317cam a22002295a 4500 | ||
|---|---|---|---|
| 001 | L140141 | ||
| 008 | 070906s2007 xxk f 001 0 eng d | ||
| 020 |
_a139781847160416 _a1847160417 |
||
| 035 | _a(Sirsi) u140141 | ||
| 041 | 0 | _aeng | |
| 050 | 0 | 4 | _a344.410465 $2 18 |
| 100 | 1 | _aWalker, Samantha | |
| 245 | 0 | 0 |
_aHealth and safety law and practice _bfor small to medium enterprises |
| 260 |
_aBrighton _bStraightforward Publishing _c2007 |
||
| 300 |
_a203p. _c21cm. |
||
| 505 | 2 | _aCompanies and their legal status -- Background information - who's who starting from the beginning -- Health and safety law - the main pieces of legislation -- Other important areas to consider -- Reporting of accidents to the authorities and performing incident investigations -- Health and safety prosecutions | |
| 520 | _aProvides a guide to health and safety law and its impact on small businesses. Aimed at the layperson, company director or professional in health and safety. Covers the areas to cover when starting a business, employment status, health and the law, risk assessments, good health and safety management. Describes the enforcing authorities and details how to react and investigate when problems occur. | ||
| 590 | _aKA | ||
| 651 | 4 |
_aUnited Kingdom _y |
|
| 690 |
_aHealth and safety _96244 |
||
| 942 | _n0 | ||
| 999 |
_c107436 _d107436 |
||